Clubs ayant remporté la Ligue Europa - Mort Subite - Statistiques

Statistiques générales
  • Ce quiz a été pris 252 fois
  • Le résultat moyen est 5 sur 16
Answers on the Grid
Answers color-coded by a green-red scale on the quiz's grid according to % correct below.
Atalanta Bergame
Villareal CF
Chaktar Donetsk
CSKA Moscou
Galatasaray
Schalke 04
SSC Naples
Ipswich Town
PSV Eindhoven
Bayer Leverkusen
Manchester United
Ajax Amsterdam
Eintracht Francfort
RSC Anderlecht
Parme Calcio
FK Göteborg
Benfica Lisbonne
Borussia Dortmund
Athletic Club
Arsenal FC
AS Rome
Wolverhampton Wanderers
Torino FC
ACF Fiorentina
 
Statistiques - réponses
Réponse % Correct
Manchester United
53%
Villareal CF
49%
Atalanta Bergame
42%
Eintracht Francfort
40%
Ajax Amsterdam
38%
Galatasaray
35%
Chaktar Donetsk
31%
Bayer Leverkusen
25%
Parme Calcio
25%
PSV Eindhoven
24%
CSKA Moscou
22%
SSC Naples
21%
Schalke 04
19%
Ipswich Town
17%
FK Göteborg
15%
RSC Anderlecht
11%
Aucun quiz correspondant
Distribution des résultats
% des personnes avec chaque résultat
Percentile par nombre de réponses
Votre historique - résultats
Vous n’avez pas pris ce quiz